El Salvador, de la guerra civil a la paz negociada / (Registro nro. 39419)
[ vista simple ]
| 000 -CABECERA | |
|---|---|
| campo de control de longitud fija | 00661nam a2200181 a 4500 |
| 001 - NÚMERO DE CONTROL | |
| campo de control | 000039929 |
| 005 - FECHA Y HORA DE LA ÚLTIMA TRANSACCIÓN | |
| campo de control | 20201002033820.0 |
| 008 - DATOS DE LONGITUD FIJA--INFORMACIÓN GENERAL | |
| campo de control de longitud fija | 130730s2011 dr a 000 0 spa d |
| 040 ## - FUENTE DE LA CATALOGACIÓN | |
| Centro catalogador/agencia de origen | DO-SdBNP |
| Lengua de catalogación | spa |
| Centro/agencia transcriptor | BNPHU |
| 245 03 - MENCIÓN DE TÍTULO | |
| Título | El Salvador, de la guerra civil a la paz negociada / |
| Mención de responsabilidad, etc. | Román Mayorga...[et.al]. |
| 260 ## - PUBLICACIÓN, DISTRIBUCIÓN, ETC. | |
| Lugar de publicación, distribución, etc. | El Salvador : |
| Nombre del editor, distribuidor, etc. | Ministerio de Relaciones Exteriores, |
| Fecha de publicación, distribución, etc. | [2011]. |
| 300 ## - DESCRIPCIÓN FÍSICA | |
| Extensión | 112 p. ; |
| Dimensiones | 28 cm. |
| 490 1# - MENCIÓN DE SERIE | |
| Mención de serie | 1810-2010 Mujeres y hombres |
| 500 ## - NOTA GENERAL | |
| Nota general | XX aniversario de la firma del acuerdo de paz 1992-2012 |
| 500 ## - NOTA GENERAL | |
| Nota general | Incluye notas al pie de las páginas |
| 700 1# - PUNTO DE ACCESO ADICIONAL--NOMBRE DE PERSONA | |
| Nombre de persona | Mayorga, Román |
| 9 (RLIN) | 66135 |
| 830 #0 - PUNTO DE ACCESO ADICIONAL DE SERIE-TÍTULO UNIFORME | |
| Título uniforme | 1810-2010 Mujeres y hombres |
| 9 (RLIN) | 66136 |
| Estado de retiro | Estado de pérdida | No para préstamo | Código de colección | Localización permanente | Ubicación/localización actual | Ubicación en estantería | Fecha de adquisición | Número de inventario | Total de préstamos | Signatura topográfica completa | Código de barras | Fecha visto por última vez | Precio válido a partir de | Tipo de ítem Koha |
|---|---|---|---|---|---|---|---|---|---|---|---|---|---|---|
| Patrimonio Dominicano | General | General | Orden iniciada | 30.07.2013 | LF1 | 39929-10 | 25.06.2020 | 25.06.2020 | Libro y Folleto Colección Patrimonio Dominicano |
